Caribbean countries - Statistics

General Stats
  • This quiz has been taken 800 times
    549 since last reset
  • The average score is 18 of 28
Answer Stats
Status Answer % Correct
Sovereign nation Cuba
97%
Sovereign nation Dominica
95%
Sovereign nation Dominican Republic
93%
Sovereign nation Haiti
93%
Sovereign nation Jamaica
93%
Sovereign nation Antigua and Barbuda
91%
Sovereign nation Barbados
91%
Sovereign nation Trinidad and Tobago
90%
Sovereign nation Saint Lucia
89%
Sovereign nation Saint Kitts and Nevis
84%
Sovereign nation Grenada
83%
Sovereign nation Saint Vincent and the Grenadines
82%
Commonwealth of the United States Puerto Rico
71%
Kingdom of the Netherlands Aruba
66%
Kingdom of the Netherlands Curaçao
55%
British overseas territory British Virgin Islands
54%
Territory of the United States United States Virgin Islands
49%
Overseas department of France Martinique
47%
Overseas collectivity of France Saint Martin
44%
British overseas territory Cayman Islands
41%
Overseas department of France Guadeloupe
39%
British overseas territory Anguilla
37%
Special municipality of the Netherlands Bonaire
36%
British overseas territory Montserrat
36%
Kingdom of the Netherlands Sint Maarten
34%
Special municipality of the Netherlands Saba
26%
Overseas collectivity of France Saint Barthélemy
23%
Special municipality of the Netherlands Sint Eustatius
18%
No matching quizzes found
Score Distribution
Percent of People with Each Score
Percentile by Number Answered
Your Score History
You have not taken this quiz since the last reset